MDQL
is popping MORE tags! Check the
thread
!
Quizzes
Events
Quiz Creation
Community
Videos
Private Events
Remove Ads
Sign In
Join for FREE
Feedback
Dark Mode
Quiz Categories
Sports
Geography
Music
Movies
Television
Just For Fun
Miscellaneous
History
Literature
Language
Science
Gaming
Entertainment
Religion
Holiday
For Kids
Quiz Lab
Recent
Popular Today
Quiz Kudos Today
Editor Picks
Curator Picks
Quizzes by...
Day
Popularity
Type
Ratings
Length
Year
Community
Subscriptions
Recent Discussions
Orange Saloon
Badges
Playlists
Quests
Create
Leaderboards
Showdown
Live 5
Trivia Bingo
Activity
Puzzle Library
Sporcle Events
Private Events
Virtual Trivia
Globe League
Become a Host
Pub Owners
SporcleCon
Opinionation
Our Games
Videos
Blog
Mobile Apps
Partnerships
Remove Ads and Go Orange
Feedback
Television
TV Characters
TV Show
Sitcom
Network
Friends
Reality Shows
Cast
South Park
Star Trek
The Simpsons
Doctor Who
Television
TV Characters
TV Show
Sitcom
Network
Friends
Reality Shows
Cast
South Park
Star Trek
The Simpsons
Doctor Who
Random Quiz
Search Sporcle
×
Quiz Lab
Quiz Lab
Television
bakugan
Type in answers that appear in a list
Type in answers that appear in a list
Classic
Best Score? Go Orange.
Bakugan Names (Series 1) Stats
Can you name the Bakugan Names??
By
Patrick12
7m
52 Questions
980 Plays
980 Plays
980 Plays
Comments
Comments
Give Quiz Kudos
Give Quiz Kudos
-
- Ratings
hide this ad
Replay
Link that replays current quiz
Next Quiz
Link to next quiz in quiz playlist
You Got
0%
They Got
Avg Score
43%
Avg Friend Score
Upgrade to see
Score Distribution
Jump to the score distribution portion of the page
Score
0/52
Timer
07:00
0
Plays Today
Main Attrubute
Bakugan
% Correct
Pyrus
Dragonoid
87.4%
Darkus
Hydranoid
73.8%
Aquos
Preyas
68.9%
Subterra
Gorem
68.8%
Ventus
Skyress
65.3%
Haos
Tigrerra
63.4%
Pyrus
Delta Dragonoid
61.4%
Subterra
Cycloid
58.5%
Subterra
Hammer Gorem
57.3%
Aquos
Sirenoid
56.1%
Ventus
Harpus
54.7%
Ventus
Storm Skyress
54.5%
None
Naga
53.9%
Haos
Tentaclear
53.4%
Darkus
Alpha Hydranoid
53.3%
Haos
Blade Tigrerra
51.6%
Darkus
Dual Hydranoid
51.1%
Darkus
Reaper
50.1%
Pyrus
Saurus
48%
Pyrus
Ultimate Dragonoid
44.9%
Ventus
Falconeer
44.5%
Ventus
Ravenoid
44.4%
None
Wavern
42.9%
Pyrus
Fourtress
42.7%
Aquos
Siege
42.4%
Aquos
Juggernoid
41.8%
Main Attrubute
Bakugan
% Correct
Darkus
Laserman
41.4%
Ventus
Monarus
37.1%
Subterra
Clayf
37.1%
Haos
Fear Ripper
36.7%
Haos
Lars Lion
36.4%
Pyrus
Robotallion
35.7%
Aquos
Preyas 2
34.8%
Darkus
Exedra
34.7%
Aquos
Frosch
34.5%
Subterra
Tuskor
33.9%
Pyrus
Griffon
33.4%
Ventus
Oberus
33.4%
Pyrus
Apollonir
32.4%
Subterra
Tuskor
32.4%
Subterra
Wormquake
32.1%
Aquos
Stinglash
31.6%
Ventus
El Condor
31.2%
Subterra
Rattleoid
29.5%
Aquos
Limulus
29.3%
Subterra
Hynoid
29.2%
Aquos
Terrorclaw
28.4%
Subterra
Manion
28.3%
Ventus
Bee Striker
27.9%
Pyrus
Warius
25%
Pyrus
Gargonoid
24%
Darkus
Centepoid
18.6%
Quiz Playlist
Details
Report
Send in Message
Add To Playlist
Classic:
Type in answers that appear in a list
Last Updated: Feb 16, 2017
Quiz Scoreboard
CHALLENGE
Sign Up to Join the Scoreboard
Show All
Scores
Hide
Comments
May contain spoilers
Recently Published
Two Season TV Shows II
by 123Four
Television
10m
Image Sorting: Flags VI
by Barbecue
Geography
2m
Find the 'City' Movie
by crazypaving
Movies
60s
More to Explore
Quiz From the Vault
Featured Blog Post
14 Easter Pick-up Lines to Find Eggs With
hide this ad
You Might Also Like...
Tags
bakugan
Owner
Today's Top Quizzes in Television
Browse Television
hide this ad
Top Contributed Quizzes in Television
1
Survivor Journey Challenge
2
Brooklyn Nine Nine Logic Puzzle (How-To-Play)
3
Adjectives in 00s TV Shows
4
Total Drama Characters
5
Survivor Logic Puzzle: Heroes vs. Villains
6
Phoebe Buffay Quotes
7
Survivor Heroes vs. Villains Logic Puzzle
8
Survivor Trivia
9
Emmerdale Characters (from August 2012)
10
Adjectives in 10s TV Shows
Explore More
Trending Topics
Kpop
Harry Potter
Crossword
Marvel
Anime
Disney
NBA
Country
WWE
Puzzle
NFL
Song
The Office
Soccer
Pokémon
hide this ad
More By:
Patrick12
Quiz
Plays
Rating
Category
Featured
Created
Star Wars Weapons
1,823
1.08
Movies
Feb 5, 2010
Bakugan Names (Series 1)
980
1.50
Television
Jan 22, 2010
Popular Mottos
461
1.50
Miscellaneous
Apr 23, 2010
Go to Creator's Profile
Score Distribution
Quiz Creator Spotlight
Patrick12
Follow
Send a Message
Quizzes Created
-
Created Quiz Play Count
-
More By This Creator
Popular Quizzes Today
1
Find the US States - No Outlines Minefield
2
Colored Red Africa Blitz
3
Find the 'City' Movie
4
5x2 Blitz: Bands
5
The Countries of the World
6
Find the Countries of Europe - No Outlines Minefield
7
Find the US States
8
US States
More Television Quizzes
Comedy by Character Mash-Up
Published
Trending Quizzes
Colored Red Europe Blitz I
Colored Red Africa Blitz II
Colored Red Europe Blitz II
Colored Red Africa Blitz III
Colored Red Europe Blitz III
Recently Updated
How Do You Spell That?
pecheneg
Godzilla Movies
pecheneg
Grab Bag: 4-10 Letters
pecheneg
2024 March Madness Bracket
pecheneg
Famous TV Couples
Peacemaker
Champions League XIs: Real Madrid
pecheneg
Largest US Cities 1790-2010
pecheneg
Rides in Walt Disney World
pecheneg
Most Oscar Losses (Acting)
pecheneg
Beyoncé Albums
pecheneg
Trending Topics
Kpop
NBA
Harry Potter
Crossword
Disney
Marvel
Anime
NFL
Pokémon
Puzzle
Country
The Office
WWE
Soccer
Song
Your Account Isn't Verified!
In order to create a playlist on Sporcle, you need to verify the email address you used during registration. Go to your
Sporcle Settings
to finish the process.
Report this User
Report this user for behavior that violates our
Community Guidelines
.
Details:
Send Report
Go to the Sporcle.com Mobile Site →
Comments